Právne aspekty informatizácie spoločnosti - nová právna disciplína - počítačové právo
Gespeichert in:
| 1. Verfasser: | |
|---|---|
| Format: | Buchkapitel |
| Sprache: | Slowakisch |
| Tags: |
Keine Tags, Fügen Sie das erste Tag hinzu!
|
MARC
| LEADER | 00000naa$a2200000$$$4500 | ||
|---|---|---|---|
| 001 | 0062596 | ||
| 005 | 20240502071716.5 | ||
| 041 | 0 | |a slo | |
| 044 | |a SK | ||
| 245 | 1 | 0 | |a Právne aspekty informatizácie spoločnosti - nová právna disciplína - počítačové právo |c Anna Ondrejková |
| 100 | 1 | |a Ondrejková, Anna | |